[Event "FIDE Open Sachove Univerzity QCC"]
[Site "Ceske Budejovice"]
[Date "2020.07.03"]
[Round "3.13"]
[White "Pesek, Petr"]
[Black "Zezula, Matej"]
[Result "0-1"]
[WhiteElo "1927"]
[BlackElo "1125"]
[Annotator "ChessBase"]
[PlyCount "50"]
[EventDate "2020.07.01"]
[EventType "swiss"]
[EventCountry "CZE"]
[SourceTitle "playchess.com"]
[Source "ChessBase"]
[SourceQuality "1"]
[TimeControl "40/5400+30:1800+30"]

1. e4 {[%emt 0:00:00]} c5 {[%emt 0:00:00]} 2. Nf3 {[%emt 0:00:00]} Nc6 {[%emt 0:00:06]} 3. Bc4 {[%emt 0:00:12]} g6 {[%emt 0:00:55]} 4. c3 {[%emt 0:00:55]} Bg7 {[%emt 0:00:49]} 5. d4 {[%emt 0:01:04]} cxd4 {[%emt 0:00:25]} 6. cxd4 {[%emt 0:00:26]} d6 {[%emt 0:00:33]} 7. d5 {[%emt 0:01:04]} Ne5 {[%emt 0:00:43]} 8. Qd4 {[%emt 0:01:01]} Nxf3+ {[%emt 0:00:21]} 9. gxf3 {[%emt 0:01:51]} Bxd4 {[%emt 0:00:11]} 10. Nd2 {[%emt 0:01:47]} e5 {[%emt 0:00:32]} 11. Nb3 {[%emt 0:01:36]} Bb6 {[%emt 0:00:37]} 12. Bd2 {[%emt 0:02:00]} Nf6 {[%emt 0:04:41]} 13. Bg5 {[%emt 0:00:54]} O-O {[%emt 0:02:58]} 14. a3 {[%emt 0:05:46]} Kg7 {[%emt 0:02:54]} 15. Rc1 {[%emt 0:05:16]} Ba5+ {[%emt 0:01:00]} 16. Kf1 {[%emt 0:00:27]} Bh3+ {[%emt 0:00:40]} 17. Kg1 {[%emt 0:00:20]} Bb6 {[%emt 0:00:40]} 18. Bb5 {[%emt 0:02:04]} Bxf2+ {[%emt 0:01:37]} 19. Kxf2 {[%emt 0:00:31]} Qb6+ {[%emt 0:00:08]} 20. Ke2 {[%emt 0:00:59]} Qxb5+ {[%emt 0:00:07]} 21. Kd1 {[%emt 0:00:54]} Qxb3+ {[%emt 0:00:10]} 22. Rc2 {[%emt 0:00:20]} Bg2 {[%emt 0:00:21]} 23. Rg1 {[%emt 0:00:36]} Bxf3+ {[%emt 0:00:10]} 24. Kd2 {[%emt 0:01:08]} Nxe4+ {[%emt 0:00:06]} 25. Ke1 {[%emt 0:01:50]} Qxc2 {[%emt 0:00:12]} 0-1

[Event "FIDE Open Sachove Univerzity QCC"]
[Site "Ceske Budejovice"]
[Date "2020.07.03"]
[Round "3.13"]
[White "Molnar, Ladislav"]
[Black "Karweit, Alex W"]
[Result "1-0"]
[WhiteElo "1712"]
[BlackElo "1579"]
[Annotator "NA"]
[PlyCount "44"]
[EventDate "2020.07.01"]
[EventType "swiss"]
[EventCountry "CZE"]
[SourceTitle "playchess.com"]
[Source "ChessBase"]
[SourceQuality "1"]
[TimeControl "40/5400+30:1800+30"]

1. e4 {[%emt 0:00:00]} e5 {[%emt 0:33:39]} 2. Bc4 {[%emt 0:00:00]} Bc5 {[%emt 0:00:30]} 3. Nf3 {[%emt 0:00:26]} Nc6 {[%emt 0:00:07]} 4. d3 {[%emt 0:00:20]} h6 {[%emt 0:01:21]} 5. O-O {[%emt 0:01:30]} Nf6 {[%emt 0:00:26]} 6. Nc3 {[%emt 0:01:35]} a6 {[%emt 0:03:22]} 7. a3 {[%emt 0:00:53]} b5 {[%emt 0:01:31]} 8. Ba2 {[%emt 0:00:36]} Qe7 {[%emt 0:03:54]} 9. Nd5 {[%emt 0:03:55]} Qd6 {[%emt 0:08:41]} 10. Nh4 {[%emt 0:07:17]} Nxd5 {[%emt 0:04:33]} 11. Bxd5 {[%emt 0:02:36]} Qf6 {[%emt 0:06:14]} 12. Nf5 {[%emt 0:01:29]} Bb7 {[%emt 0:01:03]} 13. Be3 {[%emt 0:02:27]} Bxe3 {[%emt 0:04:10]} 14. fxe3 {[%emt 0:00:13]} O-O {[%emt 0:00:23]} 15. Qg4 {[%emt 0:01:37]} Qg5 {[%emt 0:02:26]} 16. Qh3 {[%emt 0:01:59]} Nd8 {[%emt 0:01:51]} 17. Bxb7 {[%emt 0:03:27]} Nxb7 {[%emt 0:00:04]} 18. Rf3 {[%emt 0:00:18]} Kh7 {[%emt 0:02:20]} 19. Rg3 {[%emt 0:03:10]} Qf6 {[%emt 0:01:20]} 20. Rxg7+ {[%emt 0:01:45]} Kh8 {[%emt 0:00:25]} 21. Rg4 {[%emt 0:02:49]} h5 {[%emt 0:02:28]} 22. Qxh5+ {[%emt 0:00:42]} Qh6 {[%emt 0:00:03]} 1-0

[Event "FIDE Open Sachove Univerzity QCC"]
[Site "Ceske Budejovice"]
[Date "2020.07.03"]
[Round "3.14"]
[White "Vavrousek, Petr"]
[Black "Jodas, Daniel"]
[Result "1-0"]
[WhiteElo "1605"]
[BlackElo "1608"]
[Annotator "NA"]
[PlyCount "67"]
[EventDate "2020.07.01"]
[EventType "swiss"]
[EventCountry "CZE"]
[SourceTitle "playchess.com"]
[Source "ChessBase"]
[SourceQuality "1"]
[TimeControl "40/5400+30:1800+30"]

1. e4 {[%emt 0:00:47]} c5 {[%emt 0:00:00]} 2. Nf3 {[%emt 0:00:27]} d6 {[%emt 0:00:15]} 3. d4 {[%emt 0:00:07]} cxd4 {[%emt 0:00:05]} 4. Nxd4 {[%emt 0:00:05]} Nc6 {[%emt 0:00:34]} 5. Bc4 {[%emt 0:00:25]} Nf6 {[%emt 0:00:43]} 6. Nc3 {[%emt 0:00:10]} a6 {[%emt 0:00:40]} 7. Be3 {[%emt 0:01:22]} Bd7 {[%emt 0:01:04]} 8. f3 {[%emt 0:01:13]} e6 {[%emt 0:02:09]} 9. Qe2 {[%emt 0:01:03]} b5 {[%emt 0:01:56]} 10. Nxc6 {[%emt 0:00:38]} Bxc6 {[%emt 0:00:22]} 11. Bb3 {[%emt 0:00:27]} Be7 {[%emt 0:01:16]} 12. O-O-O {[%emt 0:00:14]} Qc7 {[%emt 0:02:31]} 13. g4 {[%emt 0:01:26]} b4 {[%emt 0:03:34]} 14. Na4 {[%emt 0:00:19]} Bb5 {[%emt 0:00:37]} 15. Qf2 {[%emt 0:00:30]} Qc6 {[%emt 0:00:42]} 16. Nb6 {[%emt 0:04:53]} Rb8 {[%emt 0:02:27]} 17. g5 {[%emt 0:03:20]} Nd7 {[%emt 0:01:51]} 18. Nxd7 {[%emt 0:00:14]} Kxd7 {[%emt 0:00:27]} 19. Kb1 {[%emt 0:02:37]} a5 {[%emt 0:01:50]} 20. c3 {[%emt 0:01:03]} bxc3 {[%emt 0:01:13]} 21. Rc1 {[%emt 0:00:22]} Bd3+ {[%emt 0:02:00]} 22. Ka1 {[%emt 0:02:28]} cxb2+ {[%emt 0:31:19]} 23. Qxb2 {[%emt 0:00:30]} Qb5 {[%emt 0:00:37]} 24. Qd4 {[%emt 0:07:32]} Qb4 {[%emt 0:05:44]} 25. Qxd3 {[%emt 0:01:52]} Rhc8 {[%emt 0:14:53]} 26. Rc4 {[%emt 0:07:14]} Rxc4 {[%emt 0:13:47]} 27. Qxc4 {[%emt 0:04:16]} Qb7 {[%emt 0:00:17]} 28. Rc1 {[%emt 0:02:11]} Kd8 {[%emt 0:01:35]} 29. h4 {[%emt 0:01:57]} Ke8 {[%emt 0:04:40]} 30. Qc6+ {[%emt 0:01:24]} Qxc6 {[%emt 0:01:29]} 31. Rxc6 {[%emt 0:00:11]} e5 {[%emt 0:02:26]} 32. Ra6 {[%emt 0:00:38]} Rc8 {[%emt 0:02:00]} 33. Rxa5 {[%emt 0:00:32]} Rc3 {[%emt 0:00:10]} 34. Ba4+ {[%emt 0:01:19]} 1-0

[Event "FIDE Open Sachove Univerzity QCC"]
[Site "Ceske Budejovice"]
[Date "2020.07.03"]
[Round "3.15"]
[White "Kroulik, Vaclav"]
[Black "Zachar, Jaroslav"]
[Result "1-0"]
[WhiteElo "1442"]
[BlackElo "1831"]
[Annotator "NA"]
[PlyCount "87"]
[EventDate "2020.07.01"]
[EventType "swiss"]
[EventCountry "CZE"]
[SourceTitle "playchess.com"]
[Source "ChessBase"]
[SourceQuality "1"]
[TimeControl "40/5400+30:1800+30"]

1. e4 {[%emt 0:00:00]} e6 {[%emt 0:10:58]} 2. d4 {[%emt 0:00:00]} d5 {[%emt 0:00:08]} 3. Nc3 {[%emt 0:00:00]} dxe4 {[%emt 0:00:27]} 4. Nxe4 {[%emt 0:00:10]} Nd7 {[%emt 0:01:40]} 5. Nf3 {[%emt 0:02:30]} Ngf6 {[%emt 0:00:45]} 6. Bg5 {[%emt 0:03:30]} Be7 {[%emt 0:00:19]} 7. Nxf6+ {[%emt 0:01:47]} Nxf6 {[%emt 0:01:41]} 8. Bd3 {[%emt 0:02:48]} c5 {[%emt 0:05:17]} 9. c3 {[%emt 0:02:16]} cxd4 {[%emt 0:02:57]} 10. Nxd4 {[%emt 0:00:33]} O-O {[%emt 0:01:15]} 11. O-O {[%emt 0:01:16]} e5 {[%emt 0:17:10] C10: French with 3 Nc3: Unusual Black 3rd moves and 3...dxe4.} 12. Nf5 {[%emt 0:04:41]} Bxf5 {[%emt 0:02:28]} 13. Bxf5 {[%emt 0:00:35] [#]} Re8 $146 {[%emt 0:01:58]} ({Predecessor:} 13... Qb6 14. Qb3 Qxb3 15. axb3 Nd5 16. Bxe7 Nxe7 17. Be4 Nc6 18. Bxc6 bxc6 19. Ra6 Rfc8 20. Rd1 Rd8 21. Rxd8+ Rxd8 22. Kf1 Rd2 23. Rxa7 {1-0 (23) Ferrante,F (2092)-Puleio,B (1811) Palermo 2004}) 14. Qc2 {[%emt 0:01:28]} g6 {[%emt 0:03:42]} 15. Rad1 {[%emt 0:01:07]} Qb6 {[%emt 0:00:30]} 16. Bh3 {[%emt 0:07:09]} Nh5 {[%emt 0:01:52]} 17. Be3 {[%emt 0:04:23]} Bc5 {[%emt 0:01:16]} 18. Bxc5 {[%emt 0:05:02]} Qxc5 {[%emt 0:00:03]} 19. g3 {[%emt 0:00:26]} b5 {[%emt 0:03:01]} (19... Rad8 $11) 20. Bg2 {[%emt 0:01:22]} Rac8 {[%emt 0:01:13]} 21. Rd5 {[%emt 0:01:05]} Qc4 {[%emt 0:00:30]} 22. a3 {[%emt 0:05:08]} Nf6 {[%emt 0:01:13]} 23. Rd6 {[%emt 0:03:35]} Kg7 {[%emt 0:01:49]} 24. Rfd1 {[%emt 0:01:43]} Rc7 {[%emt 0:04:15]} 25. Bf1 {[%emt 0:04:01]} Qc5 {[%emt 0:00:56]} 26. Qe2 {[%emt 0:02:01]} Rb8 {[%emt 0:02:47]} 27. Qf3 {[%emt 0:01:33]} Ne8 {[%emt 0:12:32]} 28. R1d5 {[%emt 0:04:20]} Nxd6 {[%emt 0:01:18]} 29. Rxc5 {[%emt 0:00:45]} Rxc5 {[%emt 0:00:01]} 30. Qd3 {[%emt 0:00:51]} Ne8 $16 {[%emt 0:04:43]} (30... Rb6 $11 {keeps the balance.}) 31. Qd7 {[%emt 0:00:48]} Rc7 {[%emt 0:00:22]} 32. Qd5 {[%emt 0:00:24]} Re7 {[%emt 0:01:26]} 33. Bxb5 {[%emt 0:01:38]} Nf6 {[%emt 0:04:12]} 34. Qd6 {[%emt 0:01:31]} Reb7 {[%emt 0:00:15]} 35. c4 {[%emt 0:00:43]} e4 {[%emt 0:00:20]} 36. b4 {[%emt 0:01:26]} Rb6 {[%emt 0:00:33]} 37. Qd4 {[%emt 0:01:21]} a6 {[%emt 0:00:32]} 38. Ba4 {[%emt 0:00:22]} R8b7 {[%emt 0:02:31]} 39. c5 {[%emt 0:00:40]} Re6 {[%emt 0:00:26]} 40. Bb3 {[%emt 0:01:02]} Rd7 {[%emt 0:04:04]} 41. Qc3 {[%emt 0:31:26]} Rd3 {[%emt 0:07:18]} 42. Qc2 {[%emt 0:00:00]} Rc6 {[%emt 0:07:51]} 43. Bc4 {[%emt 0:00:00]} Rxa3 {[%emt 0:01:07]} 44. Qb2 {[%emt 0:00:00]} 1-0

[Event "FIDE Open Sachove Univerzity QCC"]
[Site "Ceske Budejovice"]
[Date "2020.07.03"]
[Round "3.16"]
[White "Stary, Vojtech"]
[Black "Sobotka, Radim"]
[Result "0-1"]
[WhiteElo "1422"]
[BlackElo "1764"]
[Annotator "NA"]
[PlyCount "162"]
[EventDate "2020.07.01"]
[EventType "swiss"]
[EventCountry "CZE"]
[SourceTitle "playchess.com"]
[Source "ChessBase"]
[SourceQuality "1"]
[TimeControl "40/5400+30:1800+30"]

1. e4 {[%emt 0:00:00]} d5 {[%emt 0:33:17]} 2. exd5 {[%emt 0:00:00]} Qxd5 {[%emt 0:00:00]} 3. Nc3 {[%emt 0:02:09]} Qa5 {[%emt 0:00:00]} 4. Nf3 {[%emt 0:00:30]} c6 {[%emt 0:00:22]} 5. d4 {[%emt 0:00:30]} Bf5 {[%emt 0:00:30]} 6. Bd2 {[%emt 0:00:30]} e6 {[%emt 0:00:30]} 7. Bc4 {[%emt 0:00:35]} Nd7 {[%emt 0:01:33]} 8. O-O {[%emt 0:05:21]} Ngf6 {[%emt 0:00:17]} 9. Nd5 {[%emt 0:01:13]} Qd8 {[%emt 0:00:13]} 10. Nxf6+ {[%emt 0:01:21]} Nxf6 {[%emt 0:00:05]} 11. c3 {[%emt 0:02:58]} Bd6 {[%emt 0:02:19]} 12. Re1 {[%emt 0:07:29]} O-O {[%emt 0:01:28]} 13. Bg5 {[%emt 0:01:48]} Be7 {[%emt 0:02:27]} 14. Ne5 {[%emt 0:03:02]} Nd7 {[%emt 0:00:48]} 15. Nxd7 {[%emt 0:00:52]} Qxd7 {[%emt 0:00:02]} 16. Bxe7 {[%emt 0:00:11]} Qxe7 {[%emt 0:00:05]} 17. Bd3 {[%emt 0:01:20]} Bxd3 {[%emt 0:00:19]} 18. Qxd3 {[%emt 0:00:09]} Rfd8 {[%emt 0:00:32]} 19. Qc2 {[%emt 0:01:05]} Rd5 {[%emt 0:00:59]} 20. Rad1 {[%emt 0:04:06]} Rad8 {[%emt 0:00:41]} 21. Qe2 {[%emt 0:05:14]} Qd7 {[%emt 0:02:23]} 22. Rc1 {[%emt 0:04:15]} c5 {[%emt 0:03:16]} 23. dxc5 {[%emt 0:00:51]} Rd2 {[%emt 0:00:35]} 24. Qg4 {[%emt 0:04:51]} Rxb2 {[%emt 0:00:52]} 25. Rcd1 {[%emt 0:00:33]} Rd2 {[%emt 0:01:08]} 26. Rxd2 {[%emt 0:04:08]} Qxd2 {[%emt 0:00:10]} 27. Qe4 {[%emt 0:02:46]} Qxc3 {[%emt 0:02:57]} 28. Qe3 {[%emt 0:01:34]} Qxe3 {[%emt 0:08:13]} 29. fxe3 {[%emt 0:00:17]} Kf8 {[%emt 0:00:10]} 30. Rb1 {[%emt 0:00:24]} Rd7 {[%emt 0:01:09]} 31. Kf2 {[%emt 0:01:17]} Rc7 {[%emt 0:01:56]} 32. Kf3 {[%emt 0:00:22]} Ke7 {[%emt 0:00:50]} 33. Ke4 {[%emt 0:00:14]} Rd7 {[%emt 0:01:41]} 34. Rb2 {[%emt 0:01:27]} g5 {[%emt 0:02:16]} 35. Rc2 {[%emt 0:01:10]} f5+ {[%emt 0:00:27]} 36. Kf3 {[%emt 0:00:23]} Rc7 {[%emt 0:00:57]} 37. e4 {[%emt 0:01:21]} Kf6 {[%emt 0:04:39]} 38. h3 {[%emt 0:02:48]} b6 {[%emt 0:01:48]} 39. c6 {[%emt 0:01:29]} Ke5 {[%emt 0:01:24]} 40. exf5 {[%emt 0:01:10]} exf5 {[%emt 0:00:03]} 41. Rd2 {[%emt 0:31:02]} Rxc6 {[%emt 0:30:47]} 42. Rd7 {[%emt 0:00:06]} Rc3+ {[%emt 0:00:38]} 43. Kf2 {[%emt 0:00:14]} Rc2+ {[%emt 0:00:05]} 44. Kf3 {[%emt 0:00:15]} Rxa2 {[%emt 0:00:05]} 45. Rxh7 {[%emt 0:00:08]} b5 {[%emt 0:01:21]} 46. Rc7 {[%emt 0:00:44]} Kd6 {[%emt 0:01:02]} 47. Rg7 {[%emt 0:00:27]} Ra3+ {[%emt 0:05:38]} 48. Kf2 {[%emt 0:00:14]} b4 {[%emt 0:03:33]} 49. Rxg5 {[%emt 0:00:40]} Ke6 {[%emt 0:03:43]} 50. Rg8 {[%emt 0:03:48]} a5 {[%emt 0:02:01]} 51. Ra8 {[%emt 0:01:46]} a4 {[%emt 0:00:38]} 52. Ra6+ {[%emt 0:00:09]} Kf7 {[%emt 0:00:19]} 53. Ra7+ {[%emt 0:00:40]} Kf6 {[%emt 0:00:44]} 54. Ra6+ {[%emt 0:00:05]} Kg5 {[%emt 0:01:00]} 55. Ke1 {[%emt 0:02:31]} Ra1+ {[%emt 0:01:58]} 56. Kd2 {[%emt 0:00:24]} Ra2+ {[%emt 0:01:23]} 57. Kc1 {[%emt 0:00:23]} Rxg2 {[%emt 0:01:24]} 58. Rxa4 {[%emt 0:00:09]} Rh2 {[%emt 0:01:11]} 59. Rxb4 {[%emt 0:00:11]} Rxh3 {[%emt 0:00:10]} 60. Kd2 {[%emt 0:00:21]} Rh4 {[%emt 0:02:33]} 61. Rb8 {[%emt 0:01:27]} Re4 {[%emt 0:00:13]} 62. Rg8+ {[%emt 0:01:22]} Kf4 {[%emt 0:00:20]} 63. Rh8 {[%emt 0:01:59]} Kg3 {[%emt 0:01:37]} 64. Rg8+ {[%emt 0:03:51]} Kf3 {[%emt 0:00:11]} 65. Rg5 {[%emt 0:02:47]} f4 {[%emt 0:00:23]} 66. Rf5 {[%emt 0:01:33]} Re8 {[%emt 0:00:21]} 67. Rf6 {[%emt 0:00:19]} Kg3 {[%emt 0:00:11]} 68. Rf7 {[%emt 0:01:03]} f3 {[%emt 0:00:18]} 69. Rg7+ {[%emt 0:01:47]} Kf2 {[%emt 0:00:02]} 70. Rf7 {[%emt 0:00:46]} Rd8+ {[%emt 0:00:03]} 71. Kc2 {[%emt 0:00:27]} Kg2 {[%emt 0:00:22]} 72. Rg7+ {[%emt 0:00:44]} Kf1 {[%emt 0:00:03]} 73. Rf7 {[%emt 0:00:17]} f2 {[%emt 0:00:08]} 74. Rg7 {[%emt 0:00:39]} Rd5 {[%emt 0:00:33]} 75. Re7 {[%emt 0:01:25]} Kg2 {[%emt 0:00:21]} 76. Rg7+ {[%emt 0:00:48]} Kf3 {[%emt 0:00:02]} 77. Rf7+ {[%emt 0:00:31]} Ke3 {[%emt 0:00:15]} 78. Rf8 {[%emt 0:00:43]} Rd4 {[%emt 0:00:38]} 79. Rf7 {[%emt 0:00:27]} Rf4 {[%emt 0:00:21]} 80. Re7+ {[%emt 0:00:23]} Kf3 {[%emt 0:00:08]} 81. Kd2 {[%emt 0:02:08]} f1=Q {[%emt 0:00:30]} 0-1

[Event "FIDE Open Sachove Univerzity QCC"]
[Site "Ceske Budejovice"]
[Date "2020.07.03"]
[Round "3.17"]
[White "Valasek, Jakub"]
[Black "Zezula, Jakub"]
[Result "1/2-1/2"]
[WhiteElo "1688"]
[BlackElo "1449"]
[Annotator "NA"]
[PlyCount "74"]
[EventDate "2020.07.01"]
[EventType "swiss"]
[EventCountry "CZE"]
[SourceTitle "playchess.com"]
[Source "ChessBase"]
[SourceQuality "1"]
[TimeControl "40/5400+30:1800+30"]

1. e4 {[%emt 0:00:00]} d5 {[%emt 0:00:00]} 2. exd5 {[%emt 0:00:29]} Qxd5 {[%emt 0:00:00]} 3. Nc3 {[%emt 0:00:49]} Qd6 {[%emt 0:00:24]} 4. Nf3 {[%emt 0:01:05]} c6 {[%emt 0:01:00]} 5. d4 {[%emt 0:01:02]} Nf6 {[%emt 0:00:37]} 6. Be2 {[%emt 0:01:09]} Bg4 {[%emt 0:00:24]} 7. h3 {[%emt 0:01:39]} Bh5 {[%emt 0:04:16]} 8. g4 {[%emt 0:02:25]} Bg6 {[%emt 0:01:22]} 9. Ne5 {[%emt 0:01:33]} Nd5 {[%emt 0:08:46]} 10. Nxd5 {[%emt 0:03:29]} Qxd5 {[%emt 0:02:46]} 11. f3 {[%emt 0:02:19]} Nd7 {[%emt 0:04:41]} 12. Bc4 {[%emt 0:06:16]} Qa5+ {[%emt 0:01:26]} 13. Bd2 {[%emt 0:02:49]} Qc7 {[%emt 0:02:18]} 14. Bf4 {[%emt 0:04:07]} Nxe5 {[%emt 0:01:28]} 15. Bxe5 {[%emt 0:02:29]} Qa5+ {[%emt 0:00:52]} 16. Qd2 {[%emt 0:04:59]} Qxd2+ {[%emt 0:02:03]} 17. Kxd2 {[%emt 0:00:18]} f6 {[%emt 0:03:02]} 18. Bg3 {[%emt 0:02:15]} Bf7 {[%emt 0:00:45]} 19. Bxf7+ {[%emt 0:01:59]} Kxf7 {[%emt 0:00:50]} 20. Rad1 {[%emt 0:01:30]} e6 {[%emt 0:01:06]} 21. Kc1 {[%emt 0:02:45]} Rd8 {[%emt 0:06:24]} 22. Rhe1 {[%emt 0:02:32]} Bd6 {[%emt 0:03:02]} 23. Bxd6 {[%emt 0:00:59]} Rxd6 {[%emt 0:00:09]} 24. Re3 {[%emt 0:03:23]} h5 {[%emt 0:04:37]} 25. Ra3 {[%emt 0:03:25]} a6 {[%emt 0:00:09]} 26. Rb3 {[%emt 0:00:22]} Rd7 {[%emt 0:00:09]} 27. Re1 {[%emt 0:02:47]} hxg4 {[%emt 0:01:06]} 28. fxg4 {[%emt 0:02:22]} g5 {[%emt 0:04:39]} 29. Rd3 {[%emt 0:02:41]} f5 {[%emt 0:01:43]} 30. gxf5 {[%emt 0:02:28]} exf5 {[%emt 0:00:10]} 31. c3 {[%emt 0:01:02]} Kf6 {[%emt 0:01:12]} 32. Rde3 {[%emt 0:00:56]} g4 {[%emt 0:01:57]} 33. hxg4 {[%emt 0:00:58]} fxg4 {[%emt 0:00:47]} 34. Rf1+ {[%emt 0:01:32]} Kg5 {[%emt 0:05:07]} 35. Re5+ {[%emt 0:00:41]} Kg6 {[%emt 0:00:41]} 36. Re6+ {[%emt 0:00:30]} Kg5 {[%emt 0:01:24]} 37. Re5+ {[%emt 0:00:42]} Kg6 {[%emt 0:03:07]} 1/2-1/2

[Event "FIDE Open Sachove Univerzity QCC"]
[Site "Ceske Budejovice"]
[Date "2020.07.03"]
[Round "3.18"]
[White "Kanka, Lukas"]
[Black "Gorej, Vojtech"]
[Result "1-0"]
[WhiteElo "1667"]
[BlackElo "1395"]
[Annotator "NA"]
[PlyCount "67"]
[EventDate "2020.07.01"]
[EventType "swiss"]
[EventCountry "CZE"]
[SourceTitle "playchess.com"]
[Source "ChessBase"]
[SourceQuality "1"]
[TimeControl "40/5400+30:1800+30"]

1. d4 {[%emt 0:00:00]} Nf6 {[%emt 0:04:40]} 2. c4 {[%emt 0:00:15]} e6 {[%emt 0:00:58]} 3. Nc3 {[%emt 0:00:47]} Bb4 {[%emt 0:00:57]} 4. Bg5 {[%emt 0:02:54]} h6 {[%emt 0:01:10]} 5. Bxf6 {[%emt 0:02:03]} Qxf6 {[%emt 0:04:34]} 6. e4 {[%emt 0:00:48]} c5 {[%emt 0:01:40]} 7. e5 {[%emt 0:00:49]} Qe7 {[%emt 0:01:07]} 8. Nf3 {[%emt 0:04:15]} b6 {[%emt 0:01:49]} 9. d5 {[%emt 0:02:09]} Bb7 {[%emt 0:01:54]} 10. d6 {[%emt 0:01:13]} Qd8 {[%emt 0:06:06]} 11. Bd3 {[%emt 0:03:11]} Bxf3 {[%emt 0:03:14]} 12. Qxf3 {[%emt 0:01:30]} Nc6 {[%emt 0:00:19]} 13. Qg3 {[%emt 0:03:20]} Qg5 {[%emt 0:08:20]} 14. Be4 {[%emt 0:04:44]} Qxg3 {[%emt 0:02:07]} 15. hxg3 {[%emt 0:00:39]} Rc8 {[%emt 0:01:26]} 16. Bxc6 {[%emt 0:00:32]} Rxc6 {[%emt 0:00:11]} 17. Rc1 {[%emt 0:00:51]} f6 {[%emt 0:03:37]} 18. f4 {[%emt 0:00:51]} f5 {[%emt 0:04:44]} 19. Ke2 {[%emt 0:01:32]} Bxc3 {[%emt 0:01:20]} 20. bxc3 {[%emt 0:00:56]} Kf7 {[%emt 0:02:11]} 21. Rb1 {[%emt 0:02:50]} Rcc8 {[%emt 0:04:16]} 22. a4 {[%emt 0:04:05]} Rb8 {[%emt 0:01:13]} 23. Rb5 {[%emt 0:09:03]} Rb7 {[%emt 0:04:09]} 24. Rhb1 {[%emt 0:03:06]} Rhb8 {[%emt 0:00:47]} 25. a5 {[%emt 0:00:13]} Rc8 {[%emt 0:01:04]} 26. axb6 {[%emt 0:00:18]} Rxb6 {[%emt 0:00:19]} 27. Ra1 {[%emt 0:01:31]} Rxb5 {[%emt 0:01:43]} 28. cxb5 {[%emt 0:00:05]} c4 {[%emt 0:00:56]} 29. Rxa7 {[%emt 0:00:38]} Ke8 {[%emt 0:00:39]} 30. b6 {[%emt 0:00:24]} Rb8 {[%emt 0:00:14]} 31. b7 {[%emt 0:00:04]} Kf7 {[%emt 0:00:13]} 32. Ke3 {[%emt 0:00:28]} g5 {[%emt 0:00:15]} 33. Kd4 {[%emt 0:00:07]} Kg6 {[%emt 0:00:38]} 34. Kc5 {[%emt 0:00:18]} 1-0

[Event "FIDE Open Sachove Univerzity QCC"]
[Site "Ceske Budejovice"]
[Date "2020.07.03"]
[Round "3.19"]
[White "Smola, David"]
[Black "Svadlenka, Michal"]
[Result "0-1"]
[WhiteElo "1649"]
[BlackElo "1395"]
[Annotator "NA"]
[PlyCount "60"]
[EventDate "2020.07.01"]
[EventType "swiss"]
[EventCountry "CZE"]
[SourceTitle "playchess.com"]
[Source "ChessBase"]
[SourceQuality "1"]
[TimeControl "40/5400+30:1800+30"]

1. e4 {[%emt 0:00:00]} c5 {[%emt 0:00:00]} 2. Nf3 {[%emt 0:00:09]} d6 {[%emt 0:00:02]} 3. d4 {[%emt 0:00:45]} cxd4 {[%emt 0:00:11]} 4. Nxd4 {[%emt 0:00:11]} Nf6 {[%emt 0:00:28]} 5. Nc3 {[%emt 0:00:35]} g6 {[%emt 0:01:05]} 6. Be3 {[%emt 0:01:38]} Bg7 {[%emt 0:02:09]} 7. Bc4 {[%emt 0:01:37]} O-O {[%emt 0:03:31]} 8. Bb3 {[%emt 0:03:21]} Nc6 {[%emt 0:02:01]} 9. f3 {[%emt 0:02:18]} Bd7 {[%emt 0:01:32]} 10. O-O {[%emt 0:02:44]} Rc8 {[%emt 0:02:58]} 11. Qd2 {[%emt 0:03:12]} Na5 {[%emt 0:02:22]} 12. Rfd1 {[%emt 0:05:40]} Nc4 {[%emt 0:06:15]} 13. Qe2 {[%emt 0:02:50]} Nxb2 {[%emt 0:05:10]} 14. Rdb1 {[%emt 0:04:57]} Rxc3 {[%emt 0:00:24]} 15. Rxb2 {[%emt 0:01:07]} a6 {[%emt 0:04:41]} 16. Qd2 {[%emt 0:04:01]} Qc7 {[%emt 0:13:49]} 17. Rab1 {[%emt 0:04:01]} b5 {[%emt 0:04:08]} 18. Rd1 {[%emt 0:04:13]} Rc8 {[%emt 0:11:26]} 19. Qf2 {[%emt 0:08:09]} Qb7 {[%emt 0:07:18]} 20. Bd2 {[%emt 0:06:00]} R3c5 {[%emt 0:02:20]} 21. Bb4 {[%emt 0:10:46]} R5c7 {[%emt 0:02:21]} 22. Rbb1 {[%emt 0:02:27]} Qa7 {[%emt 0:02:02]} 23. Kf1 {[%emt 0:04:33]} a5 {[%emt 0:01:32]} 24. Bd2 {[%emt 0:02:55]} a4 {[%emt 0:00:31]} 25. Bd5 {[%emt 0:00:17]} Nxd5 {[%emt 0:04:20]} 26. Be3 {[%emt 0:09:24]} Nxe3+ {[%emt 0:02:34]} 27. Qxe3 {[%emt 0:00:12]} Rc4 {[%emt 0:02:02]} 28. Nf5 {[%emt 0:03:07]} Qxe3 {[%emt 0:01:29]} 29. Nxe3 {[%emt 0:00:10]} R4c5 {[%emt 0:02:05]} 30. Nd5 {[%emt 0:00:56]} Kf8 {[%emt 0:00:46]} 0-1